000 00655nam a2200229 i 4500
001 C2-0229085
003 PPAK
005 20180728155943.0
008 000914s1982 my |||| ||||| | may d
040 _aPPAK
_beng
_cPPAK
_erda
082 0 4 _a324.2595112
_223
090 0 0 _a324.2595112
_bKON
_dKSI
245 0 0 _aKonvensyen UMNO Negeri Kedah 36, 1982
264 1 _aAlor Setar, Kedah :
_bBadan Perhubungan Negeri Kedah ,
_c1982
300 _a40 pages ;
_c26 cm
336 _2rdacontent
_atext
337 _2rdamedia
_aunmediated
338 _2rdacarrier
_avolume
500 _aBuku cenderamata
650 1 0 _aPolitical parties - Kedah
942 _ddc
_cB
999 _c148785
_d148785